00789cam a22002291a 450000100060000000300080000600500170001400800410003103500190007204000370009104100080012808200210013610000250015724500350018226000520021730000220026950000520029165000490034394200120039299900170040495201380042118677BD-RjUL20211209000323.0140222r19611957enk f 0 eng d a(BD-RjUL)18735 aZNUCDbengcZNUCDdXNTUdBD-RjUL aeng a823.91bBRR 19611 aBraine, John.95751510aRoom at the top /cJohn Braine aLondon :bPenguin Books,c1957 [reprinted 1961] a234 p. :c19 cm.  aEd. transcribed: Harmondsworth : Penguin, 1959. a Working class v Fiction. zEngland957516 2ddccBK c18677d18677 00102ddc40718FICaRUCLbRUCLcReadingd1964-04-06eZeitlingerg3.60l0o823.91 BRR 1961r2014-02-22 00:00:00tC-1w2021-12-09yBK